| 000 | 00739nam a2200205 a 4500 | ||
|---|---|---|---|
| 001 | 2264 | ||
| 003 | CDMR | ||
| 005 | 20131104171215.0 | ||
| 008 | 130130s1985||||||||||||||||||||||||||||d | ||
| 020 | _a8431309040 | ||
| 040 |
_aCDMR _bcat _cCDMR |
||
| 100 | 1 |
_aBogart, Leo _91685 |
|
| 245 | 1 | 3 |
_aLa prensa y su público _b: quién lee, qué, cuándo, dónde y por qué en los periódicos norteamericanos _cLEo Bogart ; edición española a cargo de Juan Antonio Giner |
| 260 |
_aPamplona _c1985 _bUniversidad de Navarra |
||
| 490 | 0 | _aCiencias de la Información (EUNSA) | |
| 650 | 0 | 4 |
_93360 _aMitjans de comunicació de massa _xPúblic |
| 650 | 0 | 4 |
_9257 _aPremsa _zEstats Units d'Amèrica |
| 700 | 1 |
_91748 _aGiner, Juan Antonio |
|
| 942 |
_cMON _2udc |
||
| 999 |
_c2264 _d2264 |
||